| 000 | 01294cam a22003011 4500 | ||
|---|---|---|---|
| 001 | 2172010 | ||
| 005 | 20170822175124.0 | ||
| 008 | 740605s1967 ilu b 100 0 eng | ||
| 010 | _a 67025581 | ||
| 040 |
_aDLC _cDLC _dBSU _dOCoLC _dDLC |
||
| 043 | _ad------ | ||
| 050 | 0 | 0 |
_aHC59.7 _b.M28 1964 |
| 082 | 0 | 0 |
_a338.1TEA _222 |
| 111 | 2 |
_aManchester Conference on Teaching Economic Development _d(1964) _920063 |
|
| 245 | 1 | 4 |
_aThe teaching of development economics, its position in the present state of knowledge: _bproceedings. _cEdited by Kurt Martin & John Knapp. |
| 260 |
_aLondon _bFrank Cass and Co _c[1967] |
||
| 300 |
_axv, 238 p. _c22 cm. |
||
| 500 | _aConference held under the auspices of the Centre of Development Studies, University of Manchester. | ||
| 504 | _aIncludes bibliographical footnotes. | ||
| 650 | 0 |
_aEconomic development _xStudy and teaching _vCongresses. _920064 |
|
| 650 | 0 |
_aDevelopment economics _vCongresses. _920065 |
|
| 651 | 0 |
_aDeveloping countries _xEconomic conditions _xStudy and teaching _vCongresses. _920066 |
|
| 700 | 1 |
_aMartin, Kurt, _d1904-1995. _920067 |
|
| 700 | 1 |
_aKnapp, John. _920068 |
|
| 710 | 2 |
_aVictoria University of Manchester. _bCentre of Development Studies. _920069 |
|
| 906 |
_a7 _bcbc _corignew _du _eocip _f19 _gy-gencatlg |
||
| 942 |
_2ddc _cBK |
||
| 999 |
_c9952 _d9952 |
||